000
00345nam a2200145 4500
008
170216s1994||||xo d
245
1
0
_a
Matematika pre 3. roc gymnázií
250
_a
3. vydanie
260
_b
Svornost
_a
Bratislava
_c
1994
300
_a
78 s.
020
_a
80-08-02416-X
_c
0
041
1
_a
slo
044
_a
xo
_c
SK
958
_a
APR
999
_c
21303
_d
21303